000 01518nam a2200325 4500
001 114024
003 DR-UNIBE
005 20250821062546.0
008 250807b dr ||||| |||| 00| 1 spa d
020 _a9789945098167
040 _aBIBLIOTECA UNIBE
_bspa
_cBIBLIOTECA UNIBE
_erda
041 _aspa
090 _aFBIU-PL CJ L579q
100 _aLeón, Patricio
_9198243
_eautor
245 _a¿Qué pasó en Vennet? /
_cPatricio León; ilustraciones: Koco Toribio ; diseño y diagramación: Lissa V. Pérez Gómez ; corrección de estilo: Francisco Peña, Rosmina Valdés ; presentación: Gamal Michelén Stefan
250 _aPrimera edición
260 _aSanto Domingo:
_bPatricio León,
_c[Fecha no identificada]
300 _a123 páginas :
_bilustraciones a color ;
_c21 x 21
500 _aIncluye índice, información sobre el autor al inicio de la obra. Al final de cada cuento hay una guía didáctica y prácticas de lectura. Comentarios sobre la obra en la contraportada
653 _aCuentos juveniles dominicanos
653 _aCreatividad - Cuentos juveniles dominicanos
653 _aAventuras - Cuentos juveniles dominicanos
653 _aLiteratura juvenil dominicana
700 _aMichelén Stefan, Gamal
_9198244
_epresentador
700 _aToribio, Koco
_9198245
_eilustrador
700 _aPérez Gómez, Lissa
_9152859
_ediseñador
_ediagramador
700 _aPeña, Francisco
_ecorrector de estilo
_970604
700 _aValdés, Rosmina
_9198246
_ecorrector de estilo
942 _2ddc
_cBK
999 _c114024
_d114024